[Event "Krefeld op"]
[Site "Krefeld"]
[Date "2022.08.04"]
[Round "1"]
[White "Goedde, Patrick"]
[Black "Marzik, Arne"]
[Result "1-0"]
[WhiteElo "2062"]
[BlackElo "1479"]
[PlyCount "59"]
[EventDate "2022.08.04"]
[EventType "swiss"]
[EventRounds "9"]
[EventCountry "GER"]
[SourceTitle "CBM 209 Extra"]
[Source "ChessBase"]
[SourceDate "2022.09.30"]
[SourceVersion "1"]
[SourceVersionDate "2022.09.30"]
[SourceQuality "1"]

1. d4 d5 2. Nf3 e6 3. c4 Nf6 4. g3 Bb4+ 5. Bd2 Be7 6. Nc3 Nbd7 7. Bg2 0-0 8. Qc2 c5 9. cxd5 exd5 10. 0-0 Re8 11. Rfd1 b6 12. dxc5 Bxc5 13. Bg5 h6 14. Bxf6 Nxf6 15. e4 Bb7 16. exd5 Rc8 17. Nh4 Re5 18. Re1 Rxe1+ 19. Rxe1 Ng4 20. Re2 Ba6 21. Rd2 Qe7 22. Qe4 Qd7 23. h3 Nxf2 24. Rxf2 Re8 25. Qf3 Re1+ 26. Kh2 Qe8 27. Nf5 Bxf2 28. Qxf2 Qe5 29. d6 Bc8 30. Ne7+ 1-0

[Event "SVR-op 35th"]
[Site "Nickenich"]
[Date "2012.04.07"]
[Round "7"]
[White "Nagel, Ralf"]
[Black "Goedde, Patrick"]
[Result "1-0"]
[WhiteElo "1705"]
[BlackElo "1838"]
[PlyCount "135"]
[EventDate "2012.03.30"]
[EventType "swiss"]
[EventRounds "7"]
[EventCountry "GER"]
[SourceTitle "EXT 2013"]
[Source "ChessBase"]
[SourceDate "2012.11.22"]
[SourceVersion "1"]
[SourceVersionDate "2012.11.22"]
[SourceQuality "1"]

1. Nf3 c5 2. g3 g6 3. Bg2 Bg7 4. e4 Nc6 5. 0-0 d6 6. c3 Qc7 7. d3 Nf6 8. Nbd2 0-0 9. a4 Bd7 10. Qc2 Rac8 11. Nc4 Ng4 12. h3 Nge5 13. Nfxe5 Nxe5 14. Ne3 e6 15. f4 Nc6 16. f5 f6 17. Qd1 Ne5 18. b3 exf5 19. exf5 Bc6 20. Nd5 Qf7 21. c4 Rce8 22. Bb2 gxf5 23. Rxf5 Qg6 24. g4 Bd7 25. Nf4 Qh6 26. Bc1 Bxf5 27. Ne6 Qh4 28. Nxf8 Bxd3 29. Nd7 Qg3 30. Nxe5 Rxe5 31. Bf4 Qxf4 32. Qxd3 Re3 33. Qd5+ Kf8 34. Rf1 Qd4 35. Qxd4 cxd4 36. Rf3 b6 37. Kf2 Re5 38. Rd3 Bh6 39. Bf1 Be3+ 40. Ke2 h5 41. Kf3 Kg7 42. Rd1 hxg4+ 43. hxg4 f5 44. gxf5 Rxf5+ 45. Ke4 Re5+ 46. Kd3 d5 47. Kc2 Kf8 48. cxd5 Rxd5 49. Bc4 Rd6 50. Rf1+ Ke7 51. Rf7+ Kd8 52. Rxa7 b5 53. Ra8+ Kc7 54. Bxb5 Kb7 55. Rg8 Kb6 56. b4 Bf2 57. Rg5 Be1 58. a5+ Ka7 59. Rg7+ Ka8 60. Bd3 Rc6+ 61. Kd1 Re6 62. Bc4 Re5 63. Rd7 Bc3 64. a6 Rc5 65. Bd5+ Kb8 66. Rb7+ Kc8 67. Bf3 Rg5 68. a7 1-0

[Event "SVR-ch HT 29th"]
[Site "Koblenz"]
[Date "2006.04.14"]
[Round "6"]
[White "Goedde, Patrick"]
[Black "Becker, Volker"]
[Result "1/2-1/2"]
[WhiteElo "1609"]
[BlackElo "1840"]
[PlyCount "58"]
[EventDate "2006.04.08"]
[EventType "swiss"]
[EventRounds "7"]
[EventCountry "GER"]
[SourceTitle "EXT 2009"]
[Source "ChessBase"]
[SourceDate "2008.11.26"]
[SourceVersion "1"]
[SourceVersionDate "2008.11.26"]
[SourceQuality "1"]

1. e4 e6 2. d4 d5 3. exd5 exd5 4. Bd3 Nc6 5. c3 Bd6 6. Nf3 Bg4 7. Be3 Qd7 8. Nbd2 Nf6 9. h3 Bh5 10. Qc2 Bg6 11. 0-0 0-0 12. Bg5 Nh5 13. Rae1 Nf4 14. Bxg6 Nxg6 15. Nh4 Nxh4 16. Bxh4 Rae8 17. Nf3 h6 18. Qb3 g5 19. Bg3 Bxg3 20. fxg3 Qd6 21. g4 b6 22. Qb5 Qd7 23. Qd3 Rxe1 24. Nxe1 Ne7 25. Nc2 f5 26. gxf5 Rxf5 27. Ne3 Rxf1+ 28. Kxf1 Qe6 29. Ng4 Kg7 1/2-1/2

[Event "SVR-ch HT 29th"]
[Site "Koblenz"]
[Date "2006.04.13"]
[Round "5"]
[White "Mross, Winfried"]
[Black "Goedde, Patrick"]
[Result "0-1"]
[WhiteElo "1752"]
[BlackElo "1609"]
[PlyCount "70"]
[EventDate "2006.04.08"]
[EventType "swiss"]
[EventRounds "7"]
[EventCountry "GER"]
[SourceTitle "EXT 2009"]
[Source "ChessBase"]
[SourceDate "2008.11.26"]
[SourceVersion "1"]
[SourceVersionDate "2008.11.26"]
[SourceQuality "1"]

1. e4 c6 2. Nf3 d5 3. exd5 cxd5 4. d4 Nf6 5. Be2 e6 6. Nc3 Bd6 7. Bg5 0-0 8. 0-0 Bd7 9. a3 a6 10. b4 Nc6 11. b5 Na5 12. a4 Rc8 13. Na2 axb5 14. axb5 Nc4 15. Bxc4 Rxc4 16. Ne5 Bxe5 17. dxe5 h6 18. exf6 hxg5 19. fxg7 Kxg7 20. Rb1 Qa5 21. Nc1 Bxb5 22. Nd3 Bc6 23. Ne5 Rh4 24. Nf3 Rh5 25. g4 Rh6 26. Nxg5 Qc3 27. Rb3 Qe5 28. f4 Qd6 29. Ne4 Qe7 30. g5 Rh4 31. Nf6 Qc5+ 32. Kg2 d4+ 33. Rbf3 Rfh8 34. Kg1 d3+ 35. R3f2 Rxh2 0-1

[Event "SVR-ch HT 29th"]
[Site "Koblenz"]
[Date "2006.04.09"]
[Round "3"]
[White "Goedde, Patrick"]
[Black "Konstantinovskij, Dimitrij"]
[Result "1-0"]
[WhiteElo "1609"]
[BlackElo "1336"]
[PlyCount "67"]
[EventDate "2006.04.08"]
[EventType "swiss"]
[EventRounds "7"]
[EventCountry "GER"]
[SourceTitle "EXT 2009"]
[Source "ChessBase"]
[SourceDate "2008.11.26"]
[SourceVersion "1"]
[SourceVersionDate "2008.11.26"]
[SourceQuality "1"]

1. e4 c5 2. Nc3 d6 3. d3 Nc6 4. g3 g6 5. Bg2 Bg7 6. Nge2 Bd7 7. 0-0 Nf6 8. h3 0-0 9. f4 Rc8 10. Be3 Na5 11. Qd2 a6 12. g4 c4 13. f5 b5 14. g5 Ne8 15. Nd5 Rc6 16. d4 e6 17. Nb4 Rc8 18. f6 Bh8 19. e5 Bc6 20. d5 exd5 21. Bxd5 Bxd5 22. Nxd5 Nc6 23. Nd4 h5 24. Nxc6 Rxc6 25. Ne7+ Kh7 26. Nxc6 Qd7 27. Qg2 Nc7 28. Rad1 d5 29. Nb4 Rd8 30. Bb6 Re8 31. Nxd5 Nxd5 32. Qxd5 Qxh3 33. Qxf7+ Bg7 34. Qxg7# 1-0